000 00413nam a2200157Ia 4500
008 230711s9999||||xx |||||||||||||| ||und||
020 _a978-81-8371-093-0
041 _aENG
082 _a621.382
_bKR-D
100 _aKranthi Rekha,Ch
245 0 _aDigital Communication
250 _a2nd Ed.
260 _c2017
_aHyderabad
_bScitech Publications (India)Pvt.Ltd
650 _aElectronics Engineering
942 _cBK
999 _c6618
_d6618